Tekst piosenki '' Nie płacz Ewka'' - Statystyki

Ogólne statystyki
  • Ten quiz został rozwiązany 260 razy
  • Średni wynik to 16 z 20
Statystyki odpowiedzi
Tekst: Brakujące Słowa: % Poprawnych
Nie płacz Ewka, bo tu miejsca brak, na twe ... łzy Babskie
96%
Tam przyjaciół ... mam od lat Kilku
95%
Tam przyjaciół ... mam od lat Kilku
95%
... was, już wiem Żegnam
95%
... was, już wiem Żegnam
95%
... raz żegnam was, nie spotkamy się Jeszcze
92%
... raz żegnam was, nie spotkamy się Jeszcze
92%
Nie załatwię wszystkich ... spraw Pilnych
91%
Nie załatwię wszystkich ... spraw Pilnych
91%
Dla nich ... śpiewam, dla nich gram Zawsze
91%
Dla nich ... śpiewam, dla nich gram Zawsze
91%
Idę ..., właśnie tam, gdzie czekają mnie Sam
90%
Idę ..., właśnie tam, gdzie czekają mnie Sam
90%
W półlitrówkach pustych ... wysyłają w świat SOS
84%
Po ulicy miłość hula, wiatr ... rozbitych szyb Wśród
76%
Telewizor, ..., mały fiat: oto marzeń szczyt Meble
63%
Hej, prorocy moi z gniewnych lat, ... w tłuszcz Obrastacie
63%
Proza życia to przyjaźni ..., pęka cienka nić Kat
54%
Już was w swoje szpony dopadł ..., zdrada płynie z ust Szmal
49%
Patrz poeci ... prawdy sens roztrwonili w grach Śliczni
38%
Nie znaleziono quizów pasujących do podanych kryteriów
Rozkład punktacji
Procent ludzi z każdym wynikiem
Percentyl według liczby udzielonych odpowiedzi
Twoja historia wyników
Nie rozwiązałeś tego quizu